Gaming Quiz

Random Gaming or Letter Quiz

'C' Monopoly Quiz Stats

Quiz not verified by Sporcle

Also try: 'P' Monopoly
Challenge
Share
Tweet
Embed
Score 0/7 Timer 00:30
0 Plays Today
% Correct
Chance
84.8%
Chance
84.8%
Chance
84.8%
Community Chest
83.3%
Community Chest
83.3%
Community Chest
83.3%
Connecticut Avenue
79.9%

You're not logged in!

Compare scores with friends on all Sporcle quizzes.
Sign Up with Email
OR
Log In

You Might Also Like...

Show Comments

Extras

Top Quizzes Today


Score Distribution

Your Account Isn't Verified!

In order to create a playlist on Sporcle, you need to verify the email address you used during registration. Go to your Sporcle Settings to finish the process.